LEADER 06487nam 2200793 450 001 9910157526503321 005 20180327114309.0 010 $a1-63157-599-6 035 $a(CKB)3710000001001307 035 $a(BEP)4774236 035 $a(OCoLC)968755511 035 $a(CaBNVSL)swl00407014 035 $a(MiAaPQ)EBC4774236 035 $a(EXLCZ)993710000001001307 100 $a20170114d2017 fy 0 101 0 $aeng 135 $aurcnu|||||||| 181 $2rdacontent 182 $2rdamedia 183 $2rdacarrier 200 10$aBuyer beware $ethe hidden cost of labor in an international merger and acquisition /$fElvira Medici and Linda J. Spievack 205 $aFirst edition. 210 1$aNew York, New York (222 East 46th Street, New York, NY 10017) :$cBusiness Expert Press,$d2017. 215 $a1 online resource (xii, 76 pages) 225 1 $aBusiness law collection,$x2333-6730 311 $a1-63157-598-8 320 $aIncludes bibliographical references (pages 63-73) and index. 327 $a1. Due diligence: scrutiny of labor law of target countries (Germany and Italy) in relation to U.S. labor laws -- 2. Comparative analysis of the at-will employment concept and doctrine in the United States and related employments laws in Germany and Italy -- 3. Comparative analysis of the U.S. Federal Worker Adjustment and Retraining Notification Act (WARN Act) and the relevant workforce protection laws in Germany and Italy -- 4. Soft due diligence investigation relating to family and medical leave -- 5. Family leave practices -- 6. Target country: Germany, family leave benefits -- 7. Target country: Italy, family leave benefits -- 8. Target country: United States, family leave benefits -- 9. Conclusion: inadequate consideration of EC doctrine and the relevant labor laws in Italy and Germany can lead to a failed merger and acquisition -- Bibliography -- Index. 330 3 $aRecent years have seen a huge growth in European cross-border mergers and acquisitions (M&A), and considerable attention has been given to how such deals arise and are completed. A U.S. investor must understand the basic difference in the principle of individual labor law in the United States and how it compares with the laws of the target country in an M&A. The European Community's Directive calls for a cooperative relationship between employer and employees. Most theoretical emphasis has been placed upon noncultural factors although it is increasingly recognized business performance cannot be separated out from national or regional cultural influence. In the United States, under the employment at-will doctrine, the U.S. private sector employers can dismiss their nonunionized employees at any time for any reason or even no reason at all. Thus, nonunion U.S. private employers do not have to demonstrate "just cause" to terminate an employee without paying severance or providing notice. They just have to make sure that the termination is not for discriminatory (e.g., based on sex, age, race, national origin, religion, or disability) or retaliatory reasons, which are outlawed by federal, state, and sometimes, local statutes. In most European Union (EU) countries and Germany and Italy specifically, employees are presumed to have a basic right to keep their jobs indefinitely. One of the greatest labor cost disparity with the United States is not wages. It is the amount of paid time-off and other perquisites or benefits. Employers in Germany and Italy will find it difficult to discharge employees without incurring substantial liability. Termination without consequence to employer can happen only if the employer has "just cause." What constitutes "just cause" is often specifically defined in the law and nothing less than serious misconduct qualifies. If the employer cannot prove "just cause," it must either provide a lengthy pretermination notice period or pay a very generous severance based on seniority. For high-level, long-term employees, these severance payments can run into six or even seven figures. In addition, back wages often accrue until a ruling is made in the case. The fundamental distinctions between these countries and the United States will not only influence a company's bottom-line profit, but also the success or failure of a merger and acquisition. These systems of corporate governance may come into conflict with American business' perceptions of what constitutes paid labor benefits and the need for "soft due diligence" research at the reacquisition stage. To assure success of the merger or acquisition or both and avoid a point of conflict, the company needs to understand the cultural landscape of the market, the target country's labor laws, investigate the cost of compliance or violation, and the success of the postacquisition phase. 410 0$aBusiness law collection.$x2333-6730 606 $aLabor laws and legislation$zUnited States 606 $aLabor laws and legislation$zGermany 606 $aLabor laws and legislation$zItaly 606 $aConsolidation and merger of corporations$xLaw and legislation$zUnited States 606 $aConsolidation and merger of corporations$xLaw and legislation$zGermany 606 $aConsolidation and merger of corporations$xLaw and legislation$zItaly 608 $aElectronic books. 610 $aclassification 610 $aemployee rights 610 $aEU directive 610 $aFMLA 610 $agovernment regulations 610 $ainternational labor laws 610 $aistituto nazionale di previdenza social (INPS) 610 $alabor counsel 610 $amaternity leave act 610 $amerger and acquisition 610 $amutterschutzgesetz 610 $aparental leave 610 $aschutzfrist 610 $atermination 610 $aunion 610 $aWARN ACT 615 0$aLabor laws and legislation 615 0$aLabor laws and legislation 615 0$aLabor laws and legislation 615 0$aConsolidation and merger of corporations$xLaw and legislation 615 0$aConsolidation and merger of corporations$xLaw and legislation 615 0$aConsolidation and merger of corporations$xLaw and legislation 676 $a344.01 700 $aMedici$b Elvira$0985942 702 $aSpievack$b Linda J. 801 0$bMiAaPQ 801 1$bMiAaPQ 801 2$bMiAaPQ 906 $aBOOK 912 $a9910157526503321 996 $aBuyer beware$92253528 997 $aUNINA LEADER 03868oam 2200697I 450 001 9910957210603321 005 20251117085458.0 010 $a1-4094-2399-9 010 $a1-317-06639-1 010 $a9786612892752 010 $a1-315-60531-7 010 $a1-282-89275-4 010 $a1-4094-0024-7 024 7 $a10.4324/9781315605319 035 $a(CKB)3710000000964642 035 $a(Au-PeEL)EBL4456104 035 $a(CaPaEBR)ebr11463608 035 $a(CaONFJC)MIL975466 035 $a(OCoLC)1011163380 035 $a(OCoLC)948604952 035 $a(MiAaPQ)EBC4456104 035 $a(MiAaPQ)EBC605123 035 $a(EXLCZ)993710000000964642 100 $a20180706e20162010 uy 0 101 0 $aeng 135 $aurcnu|||||||| 181 $2rdacontent 182 $2rdamedia 183 $2rdacarrier 200 00$aRenaissance theories of vision /$fedited by John Shannon Hendrix and Charles H. Carman 210 1$aLondon ;$aNew York :$cRoutledge,$d2016. 215 $a1 online resource (258 pages) $cillustrations 225 1 $aVisual Culture in Early Modernity 300 $a"An Ashgate book"--Cover. 300 $aFirst published 2010 by Ashgate Publishing. 311 08$a1-4094-8651-6 311 08$a1-317-06640-5 320 $aIncludes bibliographical references and index. 327 $aIntroduction / John S. Hendrix and Charles H. Carman -- Classical optics and the perspectivae traditions leading to the Renaissance / Nader El-Bizri -- Meanings of perspective in the Renaissance : tensions and resolution / Charles Carman -- Criminal vision in early modern Florence : Fra Angelico's altarpiece for "Il Tempio" and the Magdalenian gaze / Allie Terry -- Donatello's Chellini Madonna, light, and vision / Amy R. Bloch -- Perception as a function of desire in the Renaissance / John Hendrix -- Leonardo da Vinci's theory of vision and creativity : the Uffizi Annunciation / Liana De Girolami Cheney -- At the boundaries of sight : the Italian Renaissance cloud putto / Christian Kleinbub -- Gesture and perspective in Raphael's School of Athens / Nicholas Temple -- Seeing and the transfer of spirits in early modern art theory / Thijs Weststeijn -- "All in him selfe as in a glass he sees" : mirrors and vision in the Renaissance / Faye Tudor -- "Nearest the tangible earth" : Rembrandt, Samuel van Hoogstraten, George Berkeley, and the optics of touch / Alice Crawford Berghof. 330 8 $aHow are processes of vision, perception, and sensation conceived in the Renaissance? How are those conceptions made manifest in the arts? The essays in this volume address these and similar questions to establish important theoretical and philosophical bases for artistic production in the Renaissance and beyond. The essays also attend to the views of historically significant writers from the ancient classical period to the eighteenth century, including Plato, Aristotle, Plotinus, St Augustine, Ibn Sina (Avicenna), Ibn al-Haytham (Alhazen), Ibn Sahl, Marsilio Ficino, Nicholas of Cusa, Leon Battista Alberti, Gian Paolo Lomazzo, Gregorio Comanini, John Davies, Rene Descartes, Samuel van Hoogstraten, and George Berkeley. 410 0$aVisual culture in early modernity. 606 $aVisual perception$xHistory 606 $aVision$xHistory 606 $aPerspective$xHistory 606 $aArt$xPhilosophy 606 $aArt, Renaissance 615 0$aVisual perception$xHistory. 615 0$aVision$xHistory. 615 0$aPerspective$xHistory. 615 0$aArt$xPhilosophy. 615 0$aArt, Renaissance. 676 $a701.8 701 $aCarman$b Charles H$0777391 701 $aHendrix$b John$0899828 801 0$bMiAaPQ 801 1$bMiAaPQ 801 2$bMiAaPQ 906 $aBOOK 912 $a9910957210603321 996 $aRenaissance theories of vision$94482835 997 $aUNINA